[Event "XIII Miedzynarodowe Mistrzostwa Gdanska"]
[Site "Gdansk"]
[Date "2011.??.??"]
[Round "5.1"]
[White "Cyborowski, Lukasz"]
[Black "Sopur, Lech"]
[Result "1/2-1/2"]
[WhiteElo "2537"]
[BlackElo "2409"]
[PlyCount "23"]
[EventDate "2011.??.??"]

1. d4 d5 2. c4 e6 3. Nf3 a6 4. cxd5 exd5 5. Nc3 c6 6. Bg5 Be7 7. Bxe7 Qxe7 8.
e3 Bf5 9. Bd3 Bxd3 10. Qxd3 Nf6 11. O-O O-O 12. Nd2 1/2-1/2

[Event "XIII Miedzynarodowe Mistrzostwa Gdanska"]
[Site "Gdansk"]
[Date "2011.??.??"]
[Round "5.2"]
[White "Jaroch, Pawel"]
[Black "Grabarczyk, Miroslaw"]
[Result "1/2-1/2"]
[WhiteElo "2250"]
[BlackElo "2459"]
[PlyCount "32"]
[EventDate "2011.??.??"]

1. d4 d5 2. c4 dxc4 3. Nf3 Nf6 4. e3 a6 5. Bxc4 b5 6. Be2 Bb7 7. O-O e6 8. b3
Nbd7 9. Bb2 c5 10. Nbd2 Be7 11. Rc1 O-O 12. Qc2 Rc8 13. Qb1 Bd6 14. Rfd1 Qe7
15. a4 Rb8 16. axb5 axb5 1/2-1/2

[Event "XIII Miedzynarodowe Mistrzostwa Gdanska"]
[Site "Gdansk"]
[Date "2011.??.??"]
[Round "5.3"]
[White "Kempinski, Tomasz"]
[Black "Grajczak, Adrian"]
[Result "1-0"]
[WhiteElo "2227"]
[BlackElo "2000"]
[PlyCount "135"]
[EventDate "2011.??.??"]

1. e4 d6 2. d4 Nf6 3. Nc3 e5 4. dxe5 dxe5 5. Qxd8+ Kxd8 6. Bg5 Be6 7. O-O-O+
Nbd7 8. Nf3 Kc8 9. a3 c6 10. h3 Bc5 11. Bh4 h6 12. g4 Nh7 13. Bg3 f6 14. Nh4
Rd8 15. Na4 Bf8 16. Bg2 b5 17. Nc3 a5 18. Nf5 b4 19. Nb1 Nb6 20. f4 Rxd1+ 21.
Rxd1 Nc4 22. Rd3 g6 23. Ne3 Nxe3 24. Rxe3 Bc5 25. Re1 exf4 26. Bxf4 g5 27. Bg3
Kd7 28. a4 Nf8 29. Rf1 Be3+ 30. Kd1 Ke7 31. e5 Rd8+ 32. Ke1 32... Bd4 $11 33.
exf6+ Bxf6 34. Bc7 Ra8 35. b3 Bd7 36. Kd1 Ne6 37. Bb6 Ra6 38. Be3 c5 39. Nd2
Rd6 40. Kc1 Nd4 41. Re1 Kf7 42. Nc4 Ra6 43. Bf2 Be6 44. Ne5+ Kg7 45. Nd3 Rd6
46. Nxc5 Bd5 47. Bxd5 Rxd5 48. Bxd4 Bxd4 49. Ne6+ Kf6 50. Nxd4 Rxd4 51. Rd1
Rxd1+ 52. Kxd1 Ke5 53. Kd2 Kd4 54. c3+ bxc3+ 55. Kc2 Kd5 56. Kxc3 Kc5 57. b4+
axb4+ 58. Kb3 Kb6 59. Kxb4 Ka6 60. a5 Ka7 61. Kb5 Kb7 62. a6+ Ka7 63. Ka5 Ka8
64. Kb6 Kb8 65. a7+ Ka8 66. Ka6 h5 67. gxh5 g4 68. h6 1-0

[Event "XIII Miedzynarodowe Mistrzostwa Gdanska"]
[Site "Gdansk"]
[Date "2011.??.??"]
[Round "5.4"]
[White "Zielinski, Maciej"]
[Black "Rybak, Tomasz"]
[Result "1/2-1/2"]
[WhiteElo "2060"]
[BlackElo "2222"]
[PlyCount "28"]
[EventDate "2011.??.??"]

1. Nf3 Nf6 2. g3 c5 3. Bg2 Nc6 4. O-O g6 5. e4 Bg7 6. Nc3 O-O 7. d3 Rb8 8. Bf4
d6 9. Qd2 a6 10. Bh6 b5 11. Bxg7 Kxg7 12. b3 Qa5 13. Rad1 h6 14. h3 Bb7 1/2-1/2

[Event "XIII Miedzynarodowe Mistrzostwa Gdanska"]
[Site "Gdansk"]
[Date "2011.??.??"]
[Round "5.5"]
[White "Khamitskiy, Sergei"]
[Black "Smalara, Kazimierz"]
[Result "1-0"]
[WhiteElo "2316"]
[BlackElo "1956"]
[PlyCount "61"]
[EventDate "2011.??.??"]

1. d4 d5 2. c4 dxc4 3. Nf3 Nf6 4. Nc3 Nc6 5. e3 Bg4 6. Bxc4 a6 7. d5 Ne5 8. Be2
Ned7 9. h3 Bh5 10. e4 Bxf3 11. Bxf3 g6 12. Bf4 e5 13. dxe6 fxe6 14. e5 Nd5 15.
Nxd5 exd5 16. Qxd5 c6 17. Qe6+ Qe7 18. Qxe7+ Bxe7 19. O-O O-O 20. Bg3 Rad8 21.
Rad1 Nc5 22. Rfe1 Ne6 23. Be2 b5 24. a4 Nd4 25. Bd3 c5 26. axb5 axb5 27. Be4
Kf7 28. Ra1 Rd7 29. Ra6 Rc8 30. e6+ Nxe6 31. Rxe6 1-0

[Event "XIII Miedzynarodowe Mistrzostwa Gdanska"]
[Site "Gdansk"]
[Date "2011.??.??"]
[Round "5.6"]
[White "Parol, Pawel"]
[Black "Bugalski, Michal"]
[Result "0-1"]
[WhiteElo "1918"]
[BlackElo "2240"]
[PlyCount "68"]
[EventDate "2011.??.??"]

1. e4 c5 2. Nf3 d6 3. c4 e5 4. d3 g6 5. h4 h6 6. Nc3 Ne7 7. Be2 Nbc6 8. Bd2 Bg7
9. Qc1 Bd7 10. Rb1 f5 11. a3 Nd4 12. b4 b6 13. bxc5 bxc5 14. Bd1 Rb8 15. Nxd4
cxd4 16. Nb5 Bxb5 17. cxb5 Rc8 18. Qb2 O-O 19. Bb3+ Kh7 20. Be6 Rb8 21. exf5
gxf5 22. g4 fxg4 23. Bxg4 Nd5 24. Qb3 Nc3 25. Bxc3 dxc3 26. Qxc3 e4 27. Qc4 d5
28. Qc2 Qa5+ 29. Kf1 Rf4 30. Rg1 Rbf8 31. Rg2 Bd4 32. f3 Rxf3+ 33. Bxf3 Rxf3+
34. Ke2 exd3+ 0-1

[Event "XIII Miedzynarodowe Mistrzostwa Gdanska"]
[Site "Gdansk"]
[Date "2011.??.??"]
[Round "5.7"]
[White "Les, Czeslaw"]
[Black "Budrewicz, Krzysztof"]
[Result "0-1"]
[WhiteElo "1924"]
[BlackElo "2194"]
[PlyCount "58"]
[EventDate "2011.??.??"]

1. d4 g6 2. e4 Bg7 3. f4 d5 4. e5 Nh6 5. Nf3 O-O 6. Be2 f6 7. O-O c5 8. c4 cxd4
9. cxd5 Qxd5 10. Nc3 Qa5 11. Qxd4 Nc6 12. Qd5+ Nf7 13. Be3 fxe5 14. fxe5 Qxd5
15. Nxd5 Bg4 16. Bc4 Kh8 17. Nf4 Bxf3 18. Bxf7 Rxf7 19. Rxf3 Nxe5 20. Rh3 Nc4
21. Nxg6+ Kg8 22. Nh4 Nxe3 23. Rxe3 Bd4 24. Rae1 Rc8 25. Nf3 Bxe3+ 26. Rxe3
Rc1+ 27. Kf2 Rc2+ 28. Re2 Rxe2+ 29. Kxe2 Rf6 0-1

[Event "XIII Miedzynarodowe Mistrzostwa Gdanska"]
[Site "Gdansk"]
[Date "2011.??.??"]
[Round "5.8"]
[White "Pofelski, Andrzej"]
[Black "Huseynov, Vusal"]
[Result "0-1"]
[WhiteElo "1892"]
[BlackElo "2178"]
[PlyCount "92"]
[EventDate "2011.??.??"]

1. e4 d6 2. d4 g6 3. Nf3 Bg7 4. Be2 Nf6 5. Nc3 O-O 6. O-O Bg4 7. Be3 Nbd7 8. h3
Bxf3 9. Bxf3 c6 10. Qd2 Re8 11. b4 Qc7 12. Rab1 Rec8 13. Ne2 b5 14. Ng3 a5 15.
c3 Nb6 16. Be2 axb4 17. cxb4 d5 18. e5 Nfd7 19. Rfc1 Qd8 20. f4 e6 21. Rc2 f5
22. Kh2 Bf8 23. Bf2 Ra4 24. Nf1 Nc4 25. Bxc4 dxc4 26. Ne3 Nb6 27. Qc3 Nd5 28.
Nxd5 Qxd5 29. a3 Rca8 30. Qg3 Rxa3 31. Qg5 R8a7 32. h4 Be7 33. Qh6 Ra2 34. Rbb2
c3 35. Rxa2 Rxa2 36. Rxc3 Rxf2 37. Rg3 Qd8 38. h5 Bf8 39. Qg5 Qxg5 40. fxg5
gxh5 41. Rc3 Bxb4 42. Rxc6 Kf7 43. Rb6 Rd2 44. Rxb5 Rxd4 45. Rb7+ Be7 46. g3 h4
0-1

[Event "XIII Miedzynarodowe Mistrzostwa Gdanska"]
[Site "Gdansk"]
[Date "2011.??.??"]
[Round "5.9"]
[White "Machlowski, Slawomir"]
[Black "Ulanowski, Karol"]
[Result "1-0"]
[WhiteElo "2159"]
[BlackElo "1938"]
[PlyCount "93"]
[EventDate "2011.??.??"]

1. g3 Nf6 2. Bg2 g6 3. e4 d6 4. Ne2 Bg7 5. O-O e5 6. h3 O-O 7. Nbc3 Nc6 8. d3
Nd7 9. f4 f5 10. exf5 gxf5 11. Kh2 Nf6 12. Nd5 Be6 13. Nec3 Qd7 14. Be3 Rae8
15. Qd2 Kh8 16. Rf2 Nxd5 17. Nxd5 Bxd5 18. Bxd5 exf4 19. Bxf4 Bxb2 20. Re1 Bg7
21. Rfe2 Rxe2+ 22. Qxe2 Nd4 23. Qh5 c6 24. Bb3 Nxb3 25. axb3 d5 26. Bg5 Rf7 27.
h4 b5 28. Qe2 Bc3 29. Qe8+ Kg7 30. Re6 h5 31. Qxd7 Rxd7 32. Rxc6 d4 33. Rc5 Rb7
34. Rc6 a5 35. Ra6 Rb8 36. Kg2 Re8 37. Kf3 Re1 38. Kf4 Ra1 39. Kxf5 a4 40. Ra7+
Kf8 41. bxa4 bxa4 42. Ke6 Re1+ 43. Kf6 Rf1+ 44. Bf4 Ke8 45. Rxa4 Rf2 46. Ke6
Kf8 47. Be5 1-0

[Event "XIII Miedzynarodowe Mistrzostwa Gdanska"]
[Site "Gdansk"]
[Date "2011.??.??"]
[Round "5.12"]
[White "Dadello, Andrzej"]
[Black "Kobus, Sebastian"]
[Result "0-1"]
[WhiteElo "1799"]
[BlackElo "2104"]
[PlyCount "85"]
[EventDate "2011.??.??"]

1. c4 Nf6 2. Nc3 g6 3. g3 Bg7 4. Bg2 e5 5. Nf3 d6 6. O-O O-O 7. b4 a5 8. b5
Nbd7 9. a4 Rb8 10. Qc2 Nc5 11. e4 Be6 12. d3 h6 13. Ba3 Nfd7 14. Nd2 f5 15. Nb3
Nxb3 16. Qxb3 f4 17. Qd1 h5 18. h4 Bg4 19. Bf3 Nf6 20. Nd5 Bh3 21. Bg2 Bxg2 22.
Kxg2 f3+ 23. Kh2 Ng4+ 24. Kg1 Qd7 25. Bc1 Bh6 26. d4 c6 27. Nb6 Qd8 28. Bxh6
Nxh6 29. c5 Nf7 30. Qxf3 exd4 31. Qa3 Ne5 32. f3 dxc5 33. Qxc5 Nxf3+ 34. Kg2
Nd2 35. Rxf8+ Qxf8 36. Qxf8+ Rxf8 37. Rd1 Nxe4 38. Rxd4 Rf2+ 39. Kg1 Re2 40.
Kf1 Nxg3+ 41. Kg1 cxb5 42. axb5 Re6 43. Nd5 0-1

[Event "XIII Miedzynarodowe Mistrzostwa Gdanska"]
[Site "Gdansk"]
[Date "2011.??.??"]
[Round "5.13"]
[White "Suliborski, Artur"]
[Black "Zielinski, Wojciech"]
[Result "0-1"]
[WhiteElo "1707"]
[BlackElo "2097"]
[PlyCount "98"]
[EventDate "2011.??.??"]

1. e4 e6 2. d4 d5 3. Nc3 Nf6 4. Bg5 Be7 5. e5 Nfd7 6. h4 Bxg5 7. hxg5 Qxg5 8.
Nh3 Qe7 9. Nf4 a6 10. Qg4 g6 11. O-O-O h5 12. Qg3 c6 13. Bd3 Nf8 14. Be2 Nbd7
15. Nd3 b6 16. f4 Bb7 17. Qf2 Rg8 18. Qg3 O-O-O 19. Rxh5 c5 20. dxc5 bxc5 21.
Qh4 Qxh4 22. Rxh4 c4 23. Ne1 g5 24. Rg4 Ng6 25. g3 gxf4 26. gxf4 f5 27. Rg1
Nxf4 28. Nf3 Rg4 29. Nd4 Rxg1 30. Rxg1 Nxe5 31. Rf1 Nxe2+ 32. Ncxe2 Kd7 33. Nf4
Re8 34. Rh1 Bc8 35. Rh6 Ng4 36. Rxe6 Rxe6 37. Nfxe6 Kd6 38. Ng5 Ke5 39. Ngf3+
Ke4 40. Kd2 Ne5 41. Nxe5 Kxe5 42. Nf3+ Kf4 43. Ke2 Kg3 44. Ne5 f4 45. b3 f3+
46. Nxf3 Bg4 47. bxc4 dxc4 48. Ke3 Bxf3 49. Kd4 Be2 0-1

[Event "XIII Miedzynarodowe Mistrzostwa Gdanska"]
[Site "Gdansk"]
[Date "2011.??.??"]
[Round "5.14"]
[White "Szczepaniec, Stanislaw"]
[Black "Kanarkiewicz, Michal"]
[Result "1/2-1/2"]
[WhiteElo "2075"]
[BlackElo "1924"]
[PlyCount "101"]
[EventDate "2011.??.??"]

1. c4 Nf6 2. Nc3 g6 3. e4 d6 4. d4 Bg7 5. Be2 O-O 6. Bg5 h6 7. Be3 c5 8. d5 e6
9. Qd2 exd5 10. Bxh6 d4 11. Nd5 Nxe4 12. Qf4 Bxh6 13. Qxh6 Nc6 14. Nf3 Ne5 15.
Nxe5 dxe5 16. h4 Be6 17. h5 g5 18. f3 Bxd5 19. fxe4 Bxe4 20. O-O f6 21. Bf3 Bh7
22. Bxb7 Rb8 23. Bd5+ Kh8 24. Rf2 Rb6 25. Rf5 Qe7 26. Raf1 Qg7 27. Qxg5 Qxg5
28. Rxg5 Rxb2 29. Rxe5 fxe5 30. Rxf8+ Kg7 31. Rf7+ Kh6 32. Re7 e4 33. Bxe4 Bxe4
34. Rxe4 d3 35. Kf1 Kxh5 36. Re5+ Kg4 37. Rd5 Rxa2 38. Rxd3 Ra4 39. Rc3 Kf4 40.
g3+ Ke4 41. Kg2 a5 42. g4 Kd4 43. Rg3 Rxc4 44. g5 Rc2+ 45. Kf1 Rh2 46. g6 Rh8
47. Ke2 a4 48. Kd2 Rg8 49. Kc2 Rg7 50. Kb2 Kd5 51. Ka3 1/2-1/2

[Event "XIII Miedzynarodowe Mistrzostwa Gdanska"]
[Site "Gdansk"]
[Date "2011.??.??"]
[Round "5.15"]
[White "Reza, Wojciech"]
[Black "Mucha, Piotr"]
[Result "1-0"]
[WhiteElo "2026"]
[BlackElo "1867"]
[PlyCount "81"]
[EventDate "2011.??.??"]

1. e4 c5 2. Nf3 d6 3. d4 cxd4 4. Nxd4 Nf6 5. Nc3 a6 6. Bg5 e6 7. f4 Qb6 8. Qd2
Nc6 9. Nb3 Ng4 10. f5 h6 11. Bf4 Be7 12. h3 Bh4+ 13. g3 Nge5 14. Be2 Be7 15.
fxe6 Bxe6 16. Nd5 Bxd5 17. exd5 Nb8 18. O-O-O Nbd7 19. Kb1 O-O-O 20. Be3 Qc7
21. Rhf1 Bf6 22. Qb4 Rhe8 23. Bg1 Re7 24. Nd4 g6 25. Nb3 Bg7 26. c4 b6 27. Qa4
a5 28. Nd4 Nc5 29. Qc2 Kb7 30. g4 Na6 31. Nb5 Qd7 32. Qd2 Rc8 33. Rc1 Nc5 34.
Rc2 Ne4 35. Qf4 Nxc4 36. Rxc4 Nc3+ 37. Nxc3 Bxc3 38. Rxc8 Kxc8 39. Ba6+ Kb8 40.
bxc3 Ka7 41. Bd3 1-0

[Event "XIII Miedzynarodowe Mistrzostwa Gdanska"]
[Site "Gdansk"]
[Date "2011.??.??"]
[Round "5.16"]
[White "Belczewski, Jacek"]
[Black "Tyda, Krzysztof"]
[Result "1-0"]
[WhiteElo "1355"]
[BlackElo "2016"]
[PlyCount "95"]
[EventDate "2011.??.??"]

1. c4 e6 2. Nc3 d5 3. cxd5 exd5 4. d4 Nf6 5. Bg5 Be7 6. Nf3 c6 7. e3 O-O 8. Bd3
h6 9. Bh4 Re8 10. O-O Ne4 11. Bxe7 Qxe7 12. Qc2 Nd7 13. Nd2 Ndf6 14. Ndxe4 Nxe4
15. Rfe1 f5 16. Bxe4 fxe4 17. Ne2 Rf8 18. Nf4 Qf7 19. Rf1 Bd7 20. a4 Rae8 21.
Qb3 Bc8 22. Rac1 Re7 23. Qb4 g5 24. Ng6 Ree8 25. Nxf8 Rxf8 26. f3 exf3 27. Rxf3
Qe8 28. Rxf8+ Qxf8 29. Qxf8+ Kxf8 30. Kf2 Ke7 31. b4 Kd6 32. Ke2 b6 33. b5 c5
34. Kd3 c4+ 35. Kc3 a5 36. Rf1 Ke7 37. e4 dxe4 38. Kxc4 Bg4 39. Re1 Bf5 40. d5
Kd6 41. Kd4 Bg6 42. Rxe4 Bxe4 43. Kxe4 g4 44. g3 h5 45. Kd4 Kd7 46. Ke5 Ke7 47.
d6+ Kd7 48. Kd5 1-0

[Event "XIII Miedzynarodowe Mistrzostwa Gdanska"]
[Site "Gdansk"]
[Date "2011.??.??"]
[Round "5.17"]
[White "Wierzbicka, Wiktoria"]
[Black "Sieklucki, Adam"]
[Result "1-0"]
[WhiteElo "2014"]
[BlackElo "1848"]
[PlyCount "99"]
[EventDate "2011.??.??"]

1. e4 c5 2. Nf3 d6 3. d4 cxd4 4. Nxd4 Nf6 5. Nc3 a6 6. Be3 e5 7. Nf3 Be6 8. Be2
Be7 9. O-O O-O 10. a4 Nc6 11. Bg5 Ne8 12. Bxe7 Qxe7 13. Qd2 f5 14. exf5 Rxf5
15. Bd3 Rf4 16. Ne2 Rf8 17. Ng5 Bf5 18. Bc4+ Kh8 19. Ng3 Nc7 20. Ba2 Bg6 21. c3
Rf4 22. Nh3 Rxa4 23. f4 Bf7 24. Bxf7 Rxa1 25. Rxa1 Qxf7 26. Qxd6 Rd8 27. Ng5
Qxf4 28. Qxc7 Qe3+ 29. Kh1 Qxg5 30. Qxb7 Nb8 31. Rf1 h5 32. Qf7 h4 33. Ne4 Qg4
34. Nf6 Qe2 35. Ne8 Rd7 36. Qf8+ Kh7 37. Qf5+ Kh8 38. Qb1 e4 39. h3 Rd2 40. Rg1
Rxb2 41. Qa1 Nd7 42. Qa3 Qd2 43. Qe7 Qxc3 44. Qxd7 e3 45. Qd8 Rd2 46. Nd6+ Kh7
47. Qxh4+ Kg8 48. Qc4+ Qxc4 49. Nxc4 Rd3 50. Re1 1-0

[Event "XIII Miedzynarodowe Mistrzostwa Gdanska"]
[Site "Gdansk"]
[Date "2011.??.??"]
[Round "5.18"]
[White "Grabarczyk, Sylwester"]
[Black "Przybylowicz, Kazimierz"]
[Result "1/2-1/2"]
[WhiteElo "1971"]
[BlackElo "1806"]
[PlyCount "56"]
[EventDate "2011.??.??"]

1. e4 c5 2. Nc3 Nc6 3. g3 g6 4. Bg2 Bg7 5. d3 e6 6. f4 Nge7 7. Nf3 d5 8. e5 O-O
9. O-O Rb8 10. a4 a6 11. d4 Nxd4 12. Nxd4 cxd4 13. Qxd4 Nc6 14. Qc5 Re8 15. Be3
Bf8 16. Qb6 d4 17. Qxd8 Rxd8 18. Bxc6 bxc6 19. Rfd1 c5 20. Bc1 Bb7 21. Ne2 Be4
22. Rd2 h5 23. Kf2 Be7 24. b3 g5 25. Ba3 Rb7 26. fxg5 Bxg5 27. Nf4 Bxf4 28.
gxf4 Rc7 1/2-1/2

[Event "XIII Miedzynarodowe Mistrzostwa Gdanska"]
[Site "Gdansk"]
[Date "2011.??.??"]
[Round "5.19"]
[White "Zygmunt, Piotr"]
[Black "Czerw, Dawid"]
[Result "0-1"]
[WhiteElo "1854"]
[BlackElo "1784"]
[PlyCount "56"]
[EventDate "2011.??.??"]

1. e4 e6 2. d4 d5 3. Nc3 Bb4 4. Qg4 Nf6 5. Qxg7 Rg8 6. Qh6 Rg6 7. Qh4 Nxe4 8.
Qxh7 Qf6 9. Nf3 Nc6 10. Be3 Nxc3 11. Bd3 Ne4+ 12. c3 Bd6 13. h4 Qg7 14. Qxg7
Rxg7 15. h5 e5 16. h6 Rg8 17. h7 Rh8 18. Bxe4 dxe4 19. Ng5 Bf5 20. dxe5 Nxe5
21. O-O-O f6 22. g4 Nxg4 23. Rxd6 cxd6 24. Bd4 Ne5 25. f4 fxg5 26. fxe5 Rxh7
27. Rf1 dxe5 28. Bxe5 Rf7 0-1

[Event "XIII Miedzynarodowe Mistrzostwa Gdanska"]
[Site "Gdansk"]
[Date "2011.??.??"]
[Round "5.20"]
[White "Posnik, Andrzej"]
[Black "Marszk, Kazimierz"]
[Result "0-1"]
[WhiteElo "1669"]
[BlackElo "2076"]
[PlyCount "70"]
[EventDate "2011.??.??"]

1. e4 c6 2. d4 d5 3. exd5 cxd5 4. c4 Nf6 5. Nc3 e6 6. Nf3 Be7 7. Bd3 Nc6 8. O-O
Nb4 9. Be2 dxc4 10. Bxc4 O-O 11. a3 Nbd5 12. Re1 b6 13. Bg5 Bb7 14. Qe2 h6 15.
Bxf6 Bxf6 16. Ne5 Nf4 17. Qg4 Nxg2 18. Re2 Nh4 19. Nxf7 Rxf7 20. Qxe6 Nf3+ 21.
Kf1 Nxh2+ 22. Kg1 Nf3+ 23. Kf1 Ng5 24. Qf5 Qxd4 25. Bxf7+ Nxf7 26. f4 Ba6 27.
Nb5 Qc4 28. a4 Nd6 29. Qe6+ Qxe6 30. Rxe6 Nxb5 31. axb5 Bxb5+ 32. Kg2 Bc4 33.
Rd6 Bxb2 34. Ra4 b5 35. Rb4 Ba3 0-1

[Event "XIII Miedzynarodowe Mistrzostwa Gdanska"]
[Site "Gdansk"]
[Date "2011.??.??"]
[Round "5.21"]
[White "Moszczenski, Milosz"]
[Black "Skrochocka, Justyna"]
[Result "0-1"]
[WhiteElo "1631"]
[BlackElo "2041"]
[PlyCount "94"]
[EventDate "2011.??.??"]

1. d4 d5 2. c4 e6 3. Nc3 Nf6 4. cxd5 exd5 5. Bg5 c6 6. e3 Be7 7. Bd3 Nbd7 8.
Nge2 Nf8 9. Qc2 Ne6 10. Bf4 Nxf4 11. Nxf4 O-O 12. O-O Bd6 13. Nce2 Qc7 14. g3
Re8 15. Rab1 a5 16. a3 Qe7 17. Nc3 Bg4 18. Kg2 Bxf4 19. exf4 Qd7 20. Rfe1 Bh3+
21. Kg1 Qg4 22. Be2 Qf5 23. Bd3 Qh5 24. Be2 Bf5 25. Bd3 Bg4 26. Be2 Bxe2 27.
Rxe2 Rxe2 28. Qxe2 Qxe2 29. Nxe2 Kf8 30. f3 Ke7 31. Kf2 Kd6 32. Ke3 b6 33. b4
axb4 34. axb4 Ra3+ 35. Kf2 Nd7 36. Rb2 c5 37. bxc5+ bxc5 38. dxc5+ Nxc5 39. Nc1
d4 40. Ra2 Rxa2+ 41. Nxa2 Kd5 42. Ke2 Kc4 43. Nc1 Kc3 44. Na2+ Kb3 45. Nc1+ Kc2
46. Na2 d3+ 47. Kf2 Na6 0-1

[Event "XIII Miedzynarodowe Mistrzostwa Gdanska"]
[Site "Gdansk"]
[Date "2011.??.??"]
[Round "5.22"]
[White "Antolak, Julia"]
[Black "Renkowski, Piotr"]
[Result "0-1"]
[WhiteElo "1509"]
[BlackElo "1924"]
[PlyCount "64"]
[EventDate "2011.??.??"]

1. e4 e5 2. Nf3 Nc6 3. Nc3 Nf6 4. Bb5 Bc5 5. O-O d6 6. h3 O-O 7. d3 Nd4 8. Bc4
c6 9. Bg5 b5 10. Bb3 a5 11. a3 h6 12. Bh4 g5 13. Bg3 Nxf3+ 14. gxf3 Bxh3 15.
Re1 h5 16. Kh2 Bc8 17. Qd2 Nh7 18. Kg2 h4 19. Bh2 Qd7 20. Qe2 Qh3+ 21. Kh1 Kh8
22. Rg1 f6 23. Rg2 Bd7 24. Rag1 Be8 25. Rg4 Bd7 26. Nd1 f5 27. exf5 Rxf5 28. f4
Rxf4 29. Rxf4 exf4 30. Qh5 g4 31. Bf7 Qf3+ 32. Rg2 h3 0-1

[Event "XIII Miedzynarodowe Mistrzostwa Gdanska"]
[Site "Gdansk"]
[Date "2011.??.??"]
[Round "5.24"]
[White "Cichocka, Urszula"]
[Black "Czerwinska, Luiza"]
[Result "1-0"]
[WhiteElo "1721"]
[BlackElo "1483"]
[PlyCount "65"]
[EventDate "2011.??.??"]

1. e4 c5 2. Nf3 Nc6 3. d4 cxd4 4. Nxd4 Nf6 5. Nc3 e5 6. Ndb5 d6 7. Bg5 a6 8.
Na3 b5 9. Nd5 Be7 10. Bxf6 Bxf6 11. c3 O-O 12. Nc2 Bg5 13. Nce3 f5 14. exf5
Bxf5 15. Nxf5 Rxf5 16. Bd3 Rf8 17. Qg4 h6 18. Qe6+ Rf7 19. Bg6 Qf8 20. Bxf7+
Qxf7 21. Qxf7+ Kxf7 22. h4 Bd8 23. Rd1 Rb8 24. g3 Rb7 25. O-O Ne7 26. Nxe7 Bxe7
27. Rfe1 Rb8 28. Re4 Rd8 29. a4 Rb8 30. axb5 Rxb5 31. Rb4 Rxb4 32. cxb4 Ke6 33.
Ra1 1-0

[Event "XIII Miedzynarodowe Mistrzostwa Gdanska"]
[Site "Gdansk"]
[Date "2011.??.??"]
[Round "5.28"]
[White "Was, Grzegorz"]
[Black "Rak, Tomasz"]
[Result "0-1"]
[WhiteElo "1483"]
[BlackElo "2067"]
[PlyCount "96"]
[EventDate "2011.??.??"]

1. e4 c6 2. d4 d5 3. exd5 cxd5 4. c4 Nf6 5. Nc3 g6 6. Bg5 Nbd7 7. Nf3 Bg7 8.
Ne5 O-O 9. Nxd7 Qxd7 10. Bxf6 Bxf6 11. Nxd5 Bg7 12. Qf3 b5 13. b3 Bb7 14. Rd1
f5 15. Qe3 bxc4 16. Nxe7+ Kh8 17. Nxg6+ hxg6 18. Qh3+ Kg8 19. Bxc4+ Bd5 20.
Bxd5+ Qxd5 21. O-O Rad8 22. Qg3 Rd6 23. Rd3 f4 24. Qg4 Qf5 25. Qf3 Rfd8 26.
Rfd1 Bxd4 27. Kf1 Qb5 28. a4 Qa6 29. Qe2 Re6 30. Qc2 Rc8 31. Qb1 Rce8 32. Kg1
Qb6 33. Rf3 Qb4 34. h3 Kg7 35. Rfd3 Re1+ 36. Kh2 Rxd1 37. Qxd1 Bxf2 38. Rd7+
Kh6 39. g4 Bg3+ 40. Kg2 Qe4+ 41. Kg1 Qe3+ 42. Kh1 f3 43. g5+ Qxg5 44. Qxf3 Re1+
45. Kg2 Bh2+ 46. Qg4 Rg1+ 47. Kxh2 Rxg4 48. hxg4 Qh4+ 0-1

[Event "XIII Miedzynarodowe Mistrzostwa Gdanska"]
[Site "Gdansk"]
[Date "2011.??.??"]
[Round "5.29"]
[White "Szymanowski, Igor"]
[Black "Ciesielski, Tomasz"]
[Result "1-0"]
[WhiteElo "1482"]
[BlackElo "1858"]
[PlyCount "115"]
[EventDate "2011.??.??"]

1. e4 e6 2. d4 d5 3. e5 c5 4. c3 Nc6 5. Nf3 Qb6 6. Bd3 Bd7 7. dxc5 Bxc5 8. O-O
Qc7 9. Bf4 Nge7 10. b4 Bb6 11. a4 a6 12. Qc2 Ng6 13. Bxg6 hxg6 14. Qe2 Ne7 15.
Ra3 a5 16. b5 Bc5 17. Rb3 Nf5 18. Nbd2 Rd8 19. c4 Bc8 20. cxd5 exd5 21. Rbb1
Qb6 22. Nb3 Be7 23. Bd2 Qa7 24. b6 Qxb6 25. Bxa5 Qa7 26. Bxd8 Bxd8 27. Qb5+ Bd7
28. Qxd5 Bc6 29. Qd3 O-O 30. Nbd4 Bxf3 31. Nxf3 Be7 32. Qd7 Rd8 33. Qxb7 Qxa4
34. Qb6 Qd7 35. h3 Nh4 36. Nxh4 Bxh4 37. Rfd1 Qxd1+ 38. Rxd1 Rxd1+ 39. Kh2 Kf8
40. e6 Be7 41. exf7 Rd6 42. Qb3 Rf6 43. Qa2 Bd6+ 44. g3 Rxf7 45. Kg2 Re7 46. f4
Re8 47. Qc2 Kf7 48. Kf3 Re7 49. g4 Re6 50. Qb3 Ke7 51. Qb7+ Kf8 52. g5 Re7 53.
Qc6 Bb8 54. Qxg6 Rf7 55. f5 Bc7 56. h4 Be5 57. h5 Ke7 58. Qe6+ 1-0

[Event "XIII Miedzynarodowe Mistrzostwa Gdanska"]
[Site "Gdansk"]
[Date "2011.??.??"]
[Round "5.30"]
[White "Wicikowska, Agata"]
[Black "Posuniak, Kacper"]
[Result "0-1"]
[WhiteElo "1428"]
[BlackElo "1831"]
[PlyCount "78"]
[EventDate "2011.??.??"]

1. e4 e6 2. d4 d5 3. e5 c5 4. f4 Qb6 5. Nf3 cxd4 6. Nxd4 Bc5 7. c3 Nc6 8. Nxc6
Bf2+ 9. Ke2 bxc6 10. g3 a5 11. Na3 Nh6 12. Nc2 Nf5 13. b3 O-O 14. Bg2 Ba6+ 15.
Kf3 f6 16. exf6 gxf6 17. Bf1 e5 18. Bxa6 Rxa6 19. Rf1 Bc5 20. Re1 Raa8 21. Qe2
Rae8 22. Ba3 Bxa3 23. Nxa3 Qc5 24. Qb2 e4+ 25. Kg2 Ne3+ 26. Kh1 Ng4 27. Kg2 e3
28. Re2 d4 29. cxd4 Qd5+ 30. Kg1 Nf2 31. Rxf2 exf2+ 32. Qxf2 Re4 33. Nc2 Rfe8
34. Qg2 Qh5 35. Na3 Re2 36. Qh1 Re1+ 37. Rxe1 Rxe1+ 38. Kg2 Qd5+ 39. Kh3 Rxh1
0-1